[Event "II Miedzynarodowy Memorial Ireny Warakom"]
[Site "Suwalki"]
[Date "2018.08.03"]
[Round "4.31"]
[White "Warchol, Kamil"]
[Black "Rokita, Miroslaw"]
[Result "1/2-1/2"]
[WhiteElo "1492"]
[BlackElo "1691"]
[PlyCount "87"]
[EventDate "2018.??.??"]

1. e4 c5 2. Nf3 d6 3. d4 cxd4 4. Nxd4 Nf6 5. Nc3 e6 6. Be3 Nc6 7. Be2 Be7 8.
O-O O-O 9. f4 a6 10. Qd2 Qc7 11. Bf3 Nxd4 12. Bxd4 e5 13. Be3 b5 14. a3 Bb7 15.
Rad1 Rac8 16. Qf2 Bc6 17. Rfe1 Qb7 18. Bc1 b4 19. axb4 Qxb4 20. Qg3 Rfe8 21.
Kh1 Bf8 22. h4 exf4 23. Qxf4 Nd7 24. Nd5 Bxd5 25. c3 Qa4 26. Rxd5 Re5 27. Red1
Rce8 28. R5d4 Qc6 29. Qg3 R5e6 30. e5 Qb6 31. exd6 Nf6 32. d7 Rd8 33. Bf4 Qb5
34. c4 Qxb2 35. Bc7 Rxd7 36. Rxd7 Nxd7 37. Rxd7 Qc1+ 38. Rd1 Qxc4 39. Bd5 Qe2
40. Rb1 Rf6 41. Re1 Rf1+ 42. Rxf1 Qxf1+ 43. Kh2 Bc5 44. Qf3 1/2-1/2